[Event "NRW Class2 1516"]
[Site "Germany"]
[Date "2015.11.22"]
[Round "3.7"]
[White "Gatterer, Matthias"]
[Black "Loemker, Michael"]
[Result "1/2-1/2"]
[WhiteElo "2050"]
[BlackElo "2052"]
[PlyCount "37"]
[EventDate "2015.09.27"]
[EventType "team-tourn"]
[EventRounds "9"]
[EventCountry "GER"]
[SourceTitle "EXT 2017"]
[Source "ChessBase"]
[SourceDate "2016.10.25"]
[SourceVersion "1"]
[SourceVersionDate "2016.10.25"]
[SourceQuality "1"]
[WhiteTeam "Ratingen"]
[BlackTeam "Herford Koenigsspringer"]
[WhiteTeamCountry "GER"]
[BlackTeamCountry "GER"]

1. d4 g6 2. Nf3 Bg7 3. c4 Nf6 4. Nc3 0-0 5. g3 d6 6. Bg2 Nbd7 7. 0-0 e5 8. e4 c6 9. b3 Re8 10. Re1 a6 11. a4 a5 12. h3 h6 13. Be3 Kh7 14. Qc2 Qe7 15. Rad1 Nf8 16. Kh2 Kg8 17. Bc1 Qc7 18. Ba3 N8d7 19. Bc1 1/2-1/2

[Event "NRW Class2 1516"]
[Site "Germany"]
[Date "2015.09.27"]
[Round "1.8"]
[White "Mueller, Frank"]
[Black "Gatterer, Matthias"]
[Result "1-0"]
[WhiteElo "1984"]
[BlackElo "2050"]
[PlyCount "73"]
[EventDate "2015.09.27"]
[EventType "team-tourn"]
[EventRounds "9"]
[EventCountry "GER"]
[SourceTitle "EXT 2017"]
[Source "ChessBase"]
[SourceDate "2016.10.25"]
[SourceVersion "1"]
[SourceVersionDate "2016.10.25"]
[SourceQuality "1"]
[WhiteTeam "Sodingen"]
[BlackTeam "Ratingen"]
[WhiteTeamCountry "GER"]
[BlackTeamCountry "GER"]

1. e4 e6 2. d4 d5 3. Nd2 c5 4. exd5 Qxd5 5. Ngf3 cxd4 6. Bc4 Qd6 7. 0-0 Nf6 8. Nb3 Nc6 9. Nbxd4 Nxd4 10. Nxd4 a6 11. Re1 Qc7 12. Qe2 Bd7 13. Bg5 Bd6 14. Nf5 Bf8 15. Bh4 Qc5 16. Bd3 0-0-0 17. b4 Qc3 18. Ne3 Bc6 19. Nc4 Bd6 20. Nxd6+ Rxd6 21. Bg3 Rd7 22. Rab1 Qd4 23. b5 axb5 24. Bxb5 Qd5 25. Bxc6 Qxc6 26. Qe5 Kd8 27. Qa5+ Ke7 28. Rb6 Qc8 29. Qb4+ Ke8 30. c4 h5 31. h4 Rh6 32. a4 Rg6 33. a5 Rg4 34. a6 Rxc4 35. axb7 Nd5 36. bxc8Q+ Rxc8 37. Qb5 1-0

[Event "Graz op 18th"]
[Site "Graz"]
[Date "2011.09.03"]
[Round "8"]
[White "Gatterer, Matthias"]
[Black "Wagner, Oliver"]
[Result "0-1"]
[WhiteElo "2076"]
[BlackElo "2111"]
[PlyCount "128"]
[EventDate "2011.08.27"]
[EventType "swiss"]
[EventRounds "9"]
[EventCountry "AUT"]
[SourceTitle "CBM 144 Extra"]
[Source "ChessBase"]
[SourceDate "2011.10.28"]
[SourceVersion "1"]
[SourceVersionDate "2011.10.28"]
[SourceQuality "1"]

1. d4 e6 2. Nf3 Nf6 3. c4 d5 4. Bg5 h6 5. Bh4 Be7 6. Nc3 0-0 7. e3 Ne4 8. Bxe7 Qxe7 9. cxd5 Nxc3 10. bxc3 exd5 11. Qb3 Rd8 12. c4 dxc4 13. Bxc4 Nc6 14. Be2 b6 15. 0-0 Bb7 16. Rac1 Rac8 17. Qc3 Na5 18. Rc2 Be4 19. Rcc1 Nb7 20. Nd2 Bd5 21. Bg4 Be6 22. Bxe6 Qxe6 23. Qc6 Qxc6 24. Rxc6 Na5 25. Rc2 c5 26. Rfc1 Rc6 27. Nb3 Nxb3 28. axb3 Rcd6 29. Rd2 cxd4 30. Rcd1 d3 31. f3 f5 32. Kf2 Kf7 33. Ke1 Ke6 34. Ra2 a5 35. Kd2 Rc8 36. Rb1 Rc5 37. b4 Rb5 38. Rab2 axb4 39. Rb3 Rc5 40. R1b2 Rc4 41. Rxd3 b5 42. Rbb3 Rd5 43. Rb2 Rxd3+ 44. Kxd3 Kd5 45. Kd2 Kc5 46. h3 Rc3 47. g4 g6 48. gxf5 gxf5 49. h4 f4 50. exf4 Rxf3 51. Rc2+ Kd5 52. Rc8 Rxf4 53. Rb8 Kc4 54. Rc8+ Kb3 55. Rc5 Rxh4 56. Rxb5 Kb2 57. Rb6 b3 58. Rb5 Rh3 59. Rb6 Kb1 60. Rb5 b2 61. Rb6 Rh2+ 62. Kd1 Ka2 63. Ra6+ Kb3 64. Rb6+ Kc4 0-1

[Event "Graz op 18th"]
[Site "Graz"]
[Date "2011.08.31"]
[Round "5"]
[White "Koscak, Jan"]
[Black "Gatterer, Matthias"]
[Result "0-1"]
[WhiteElo "1783"]
[BlackElo "2076"]
[PlyCount "110"]
[EventDate "2011.08.27"]
[EventType "swiss"]
[EventRounds "9"]
[EventCountry "AUT"]
[SourceTitle "CBM 144 Extra"]
[Source "ChessBase"]
[SourceDate "2011.10.28"]
[SourceVersion "1"]
[SourceVersionDate "2011.10.28"]
[SourceQuality "1"]

1. d4 e6 2. Nf3 d5 3. c4 Be7 4. Nc3 Nf6 5. Bg5 0-0 6. e3 h6 7. Bh4 b6 8. cxd5 Nxd5 9. Bxe7 Nxe7 10. Bd3 Bb7 11. Rc1 Nd7 12. 0-0 c5 13. Ne4 cxd4 14. Nxd4 Ne5 15. Bb1 Qd5 16. f3 Ba6 17. Re1 Rfd8 18. b3 Rac8 19. Rxc8 Rxc8 20. f4 N5g6 21. Nf3 Bb7 22. Qe2 Rd8 23. Nc3 Qc5 24. Ne4 Bxe4 25. Bxe4 Nxf4 26. Qa6 Nfd5 27. Qd3 Rd6 28. Qc2 Qxc2 29. Bxc2 Nc3 30. a3 Nc6 31. b4 Nb5 32. Ra1 Nc3 33. Kf2 e5 34. Bb3 e4 35. Ne1 Rd2+ 36. Kg3 Ne2+ 37. Kg4 Ne7 38. Ra2 Rxa2 39. Bxa2 Nc3 40. Bb3 Ncd5 41. Nc2 g6 42. Kg3 Kg7 43. Kf2 Kf6 44. Bc4 Ke5 45. Nd4 f5 46. g3 g5 47. Ne2 f4 48. gxf4+ gxf4 49. exf4+ Nxf4 50. Nxf4 Kxf4 51. a4 Nc6 52. b5 Nd4 53. Bd5 e3+ 54. Ke1 Nf3+ 55. Ke2 Nxh2 0-1

[Event "Graz op 18th"]
[Site "Graz"]
[Date "2011.08.29"]
[Round "3"]
[White "Schein, Karl Heinz"]
[Black "Gatterer, Matthias"]
[Result "1/2-1/2"]
[WhiteElo "2206"]
[BlackElo "2076"]
[PlyCount "55"]
[EventDate "2011.08.27"]
[EventType "swiss"]
[EventRounds "9"]
[EventCountry "AUT"]
[SourceTitle "CBM 144 Extra"]
[Source "ChessBase"]
[SourceDate "2011.10.28"]
[SourceVersion "1"]
[SourceVersionDate "2011.10.28"]
[SourceQuality "1"]

1. d4 d5 2. c4 e6 3. Nc3 Nf6 4. Bg5 Nbd7 5. e3 Be7 6. Nf3 0-0 7. Rc1 a6 8. cxd5 exd5 9. Bd3 c6 10. 0-0 Re8 11. Bb1 Nf8 12. Ne5 N6d7 13. Bf4 Nb6 14. Bg3 f6 15. Nd3 Bd6 16. Bxd6 Qxd6 17. Nc5 Nc4 18. b3 Nb6 19. Ne2 Re7 20. Ng3 Be6 21. Re1 Rd8 22. Qf3 Qc7 23. Kh1 Nc8 24. Nd3 Nd6 25. Nf4 Qd7 26. Qd1 Bf7 27. Nd3 Qe8 28. Nc5 1/2-1/2

[Event "AUT-chT2W 0809"]
[Site "Austria"]
[Date "2008.10.19"]
[Round "3.6"]
[White "Koell, Hannes"]
[Black "Gatterer, Matthias"]
[Result "1/2-1/2"]
[WhiteElo "2105"]
[BlackElo "2021"]
[PlyCount "62"]
[EventDate "2008.10.17"]
[EventType "tourn"]
[EventRounds "11"]
[EventCountry "AUT"]
[SourceTitle "EXT 2010"]
[Source "ChessBase"]
[SourceDate "2010.11.25"]
[SourceVersion "1"]
[SourceVersionDate "2010.11.25"]
[SourceQuality "1"]
[WhiteTeam "Schwaz"]
[BlackTeam "Rochade Rum"]
[WhiteTeamCountry "AUT"]
[BlackTeamCountry "AUT"]

1. d4 d5 2. c4 e6 3. Nc3 Nf6 4. Bg5 Nbd7 5. e3 Be7 6. Nf3 0-0 7. Rc1 a6 8. cxd5 exd5 9. Bd3 c6 10. Qc2 Re8 11. 0-0 Nf8 12. Ne5 Ng4 13. Bxe7 Qxe7 14. Nxg4 Bxg4 15. Bf5 Bxf5 16. Qxf5 Rad8 17. Na4 Rd6 18. Nc5 Rh6 19. Rc3 Ne6 20. b4 Qc7 21. h3 Rf6 22. Nxe6 fxe6 23. Qe5 Qe7 24. e4 Qxb4 25. Rb3 Qe7 26. Rfb1 b5 27. Rc1 Qd7 28. Rbc3 Rc8 29. Ra3 Ra8 30. Rac3 Rc8 31. Ra3 Ra8 1/2-1/2

[Event "Seefeld op 19th"]
[Site "Seefeld"]
[Date "2008.09.12"]
[Round "8"]
[White "Gatterer, Matthias"]
[Black "Schmidt, Wolfgang3"]
[Result "1/2-1/2"]
[WhiteElo "2021"]
[BlackElo "2078"]
[PlyCount "50"]
[EventDate "2008.09.05"]
[EventType "swiss"]
[EventRounds "9"]
[EventCountry "AUT"]
[SourceTitle "EXT 2019"]
[Source "ChessBase"]
[SourceDate "2018.10.10"]
[SourceVersion "1"]
[SourceVersionDate "2018.10.10"]
[SourceQuality "1"]

1. d4 g6 2. Nf3 Bg7 3. g3 Nf6 4. Bg2 0-0 5. 0-0 d6 6. c4 Nc6 7. Nc3 e5 8. d5 Ne7 9. e4 Ne8 10. Ne1 f5 11. Nd3 Nf6 12. f4 fxe4 13. Nxe4 Nf5 14. fxe5 Nxe4 15. Bxe4 dxe5 16. Rf2 Nd6 17. Rxf8+ Qxf8 18. Bg2 Nxc4 19. Qc2 Nd6 20. Be3 Bf5 21. Qb3 b6 22. Rc1 Qe7 23. Nb4 a5 24. Nc6 Qd7 25. Qa4 Bf6 1/2-1/2

[Event "Seefeld op 19th"]
[Site "Seefeld"]
[Date "2008.09.10"]
[Round "6"]
[White "Gatterer, Matthias"]
[Black "Opitz, Christian"]
[Result "1-0"]
[WhiteElo "2021"]
[BlackElo "2065"]
[PlyCount "33"]
[EventDate "2008.09.05"]
[EventType "swiss"]
[EventRounds "9"]
[EventCountry "AUT"]
[SourceTitle "EXT 2010"]
[Source "ChessBase"]
[SourceDate "2010.11.25"]
[SourceVersion "1"]
[SourceVersionDate "2010.11.25"]
[SourceQuality "1"]

1. d4 Nf6 2. Nf3 e6 3. c4 Bb4+ 4. Nbd2 0-0 5. g3 d6 6. Bg2 Nbd7 7. 0-0 Bxd2 8. Bxd2 e5 9. Bg5 h6 10. Bxf6 Qxf6 11. e3 Nb6 12. c5 dxc5 13. dxc5 Rd8 14. Qc2 Nd5 15. Qe4 Qe7 16. Qxe5 Qxc5 17. e4 1-0

[Event "Seefeld op 19th"]
[Site "Seefeld"]
[Date "2008.09.07"]
[Round "3"]
[White "Lundberg, Roland"]
[Black "Gatterer, Matthias"]
[Result "1/2-1/2"]
[WhiteElo "2016"]
[BlackElo "2021"]
[PlyCount "110"]
[EventDate "2008.09.05"]
[EventType "swiss"]
[EventRounds "9"]
[EventCountry "AUT"]
[SourceTitle "EXT 2010"]
[Source "ChessBase"]
[SourceDate "2010.11.25"]
[SourceVersion "1"]
[SourceVersionDate "2010.11.25"]
[SourceQuality "1"]

1. c4 e6 2. Nc3 d5 3. d4 Nf6 4. Bg5 Nbd7 5. e3 Be7 6. Nf3 0-0 7. Qc2 c5 8. dxc5 dxc4 9. Bxc4 Bxc5 10. Bd3 h6 11. h4 Qa5 12. Kf1 a6 13. Bxf6 Nxf6 14. h5 Bb4 15. Ne4 Nxe4 16. Bxe4 Bd7 17. Nd4 Rac8 18. Qd1 Rc7 19. g3 Rd8 20. Kg2 Be7 21. Rc1 Bc8 22. Rxc7 Qxc7 23. Qc1 Qe5 24. Qc2 Bf6 25. Rc1 Qd6 26. Qc7 Qxc7 27. Rxc7 Be5 28. Rc2 Kf8 29. f4 Bd6 30. Nb3 b6 31. Kf3 Bd7 32. Nd4 Rc8 33. Bb7 Rxc2 34. Nxc2 a5 35. Nd4 e5 36. Nc6 exf4 37. exf4 Be6 38. a3 Bd5+ 39. Ke2 Be6 40. Kf3 Bd5+ 41. Ke2 Bc4+ 42. Kd2 f6 43. Nd4 Bf7 44. Bf3 Bc5 45. Kc3 Bxd4+ 46. Kxd4 Ke7 47. f5 Kd6 48. g4 Bb3 49. Be2 Bd5 50. Bd1 Bg2 51. Be2 Kc6 52. b4 axb4 53. axb4 Bh1 54. Bd1 Kb5 55. Kc3 Kc6 1/2-1/2

[Event "Seefeld op 18th"]
[Site "Seefeld"]
[Date "2007.09.09"]
[Round "9"]
[White "Stock, Juergen"]
[Black "Gatterer, Matthias"]
[Result "1-0"]
[WhiteElo "2074"]
[BlackElo "1973"]
[PlyCount "81"]
[EventDate "2007.09.01"]
[EventType "swiss"]
[EventRounds "9"]
[EventCountry "AUT"]
[SourceTitle "EXT 2009"]
[Source "ChessBase"]
[SourceDate "2008.11.26"]
[SourceVersion "1"]
[SourceVersionDate "2008.11.26"]
[SourceQuality "1"]

1. d4 d5 2. c3 Nf6 3. Bg5 Ne4 4. Bh4 c5 5. e3 cxd4 6. exd4 Qb6 7. Qc1 Nc6 8. Nd2 Bf5 9. Ngf3 e6 10. Nxe4 Bxe4 11. Nd2 Bg6 12. Be2 Rc8 13. Nf3 Nb4 14. 0-0 Bd6 15. Qd2 Nc6 16. Rac1 0-0 17. Bg5 Qc7 18. Be3 a6 19. h3 Na5 20. Bd3 Nc4 21. Bxc4 Qxc4 22. a3 Qc7 23. Nh4 b5 24. f4 Be7 25. Nf3 a5 26. Ne5 Be4 27. Qe2 Qb7 28. Rf2 b4 29. axb4 axb4 30. Nd3 Bxd3 31. Qxd3 bxc3 32. bxc3 f5 33. Bd2 Rc6 34. Re2 Qa6 35. Qf3 Rb8 36. Rce1 Qc8 37. c4 dxc4 38. d5 Bc5+ 39. Kh2 exd5 40. Qxd5+ Kf8 41. Re8+ 1-0

[Event "Seefeld op 18th"]
[Site "Seefeld"]
[Date "2007.09.08"]
[Round "8"]
[White "Mueller, Helmut1"]
[Black "Gatterer, Matthias"]
[Result "1/2-1/2"]
[WhiteElo "2077"]
[BlackElo "1973"]
[PlyCount "21"]
[EventDate "2007.09.01"]
[EventType "swiss"]
[EventRounds "9"]
[EventCountry "AUT"]
[SourceTitle "EXT 2009"]
[Source "ChessBase"]
[SourceDate "2008.11.26"]
[SourceVersion "1"]
[SourceVersionDate "2008.11.26"]
[SourceQuality "1"]

1. d4 d5 2. Nf3 Nf6 3. Bf4 c5 4. dxc5 Qa5+ 5. Qd2 Qxc5 6. Nc3 Bd7 7. e3 Bc6 8. Ne5 e6 9. Be2 Be7 10. 0-0 0-0 11. Rfd1 1/2-1/2

[Event "Seefeld op 18th"]
[Site "Seefeld"]
[Date "2007.09.07"]
[Round "7"]
[White "Gatterer, Matthias"]
[Black "Allgaier, Erik"]
[Result "1-0"]
[WhiteElo "1973"]
[BlackElo "2060"]
[PlyCount "47"]
[EventDate "2007.09.01"]
[EventType "swiss"]
[EventRounds "9"]
[EventCountry "AUT"]
[SourceTitle "EXT 2009"]
[Source "ChessBase"]
[SourceDate "2008.11.26"]
[SourceVersion "1"]
[SourceVersionDate "2008.11.26"]
[SourceQuality "1"]

1. d4 d6 2. Nf3 g6 3. c4 Bg7 4. Nc3 e5 5. g3 f6 6. Bg2 Nh6 7. 0-0 0-0 8. e4 Nc6 9. h3 Nf7 10. Be3 Bh6 11. Bxh6 Nxh6 12. Qd2 Nf7 13. Rad1 b6 14. Rfe1 Kg7 15. Kh2 Ba6 16. b3 Qd7 17. Qe3 Rae8 18. Rd2 Bb7 19. Red1 h5 20. Nd5 Ng5 21. Nxg5 exd4 22. Qf4 fxg5 23. Qxg5 Re5 24. Qh4 1-0

[Event "Seefeld op 18th"]
[Site "Seefeld"]
[Date "2007.09.04"]
[Round "4"]
[White "Gatterer, Matthias"]
[Black "Maurer, Rainer"]
[Result "1/2-1/2"]
[WhiteElo "1973"]
[BlackElo "2117"]
[PlyCount "116"]
[EventDate "2007.09.01"]
[EventType "swiss"]
[EventRounds "9"]
[EventCountry "AUT"]
[SourceTitle "EXT 2009"]
[Source "ChessBase"]
[SourceDate "2008.11.26"]
[SourceVersion "1"]
[SourceVersionDate "2008.11.26"]
[SourceQuality "1"]

1. d4 d5 2. c4 e6 3. Nc3 Nf6 4. Bg5 Nbd7 5. e3 Be7 6. Nf3 0-0 7. Rc1 a6 8. cxd5 exd5 9. Bd3 b6 10. 0-0 Bb7 11. Qe2 Re8 12. Rfd1 h6 13. Bh4 Ne4 14. Bxe7 Qxe7 15. Qc2 Rac8 16. Qb3 Qe6 17. Bb1 Ndf6 18. Ne2 Qd6 19. Nf4 Nxf2 20. Re1 N2e4 21. Nd3 Re7 22. Rc2 c5 23. dxc5 bxc5 24. Qa4 c4 25. Nc1 Ng5 26. Rce2 Rce8 27. Qc2 g6 28. Nxg5 hxg5 29. Qd2 Ng4 30. g3 Qc6 31. Qd4 Ne5 32. Rf1 g4 33. Kg2 Nf3 34. Qxg4 Ne5 35. Qd4 Qe6 36. Kg1 Qh3 37. Rf4 Qe6 38. Rd2 Nd7 39. b3 Qxe3+ 40. Qxe3 Rxe3 41. bxc4 Ne5 42. Rb2 Re7 43. c5 d4 44. Re2 Rxe2 45. Nxe2 d3 46. Nc3 Nf3+ 47. Kf2 d2 48. Bc2 Ne1 49. Bb1 Bc6 50. Rd4 Nf3 51. Rd6 Rc7 52. Be4 Bxe4 53. Nxe4 Nxh2 54. Nxd2 Ng4+ 55. Ke2 a5 56. c6 Ne5 57. Rd5 Nxc6 58. Rd3 Re7+ 1/2-1/2

[Event "Seefeld op 18th"]
[Site "Seefeld"]
[Date "2007.09.02"]
[Round "2"]
[White "Gatterer, Matthias"]
[Black "Gruber, Michael"]
[Result "1/2-1/2"]
[WhiteElo "1973"]
[BlackElo "2160"]
[PlyCount "47"]
[EventDate "2007.09.01"]
[EventType "swiss"]
[EventRounds "9"]
[EventCountry "AUT"]
[SourceTitle "EXT 2009"]
[Source "ChessBase"]
[SourceDate "2008.11.26"]
[SourceVersion "1"]
[SourceVersionDate "2008.11.26"]
[SourceQuality "1"]

1. d4 f5 2. g3 Nf6 3. Bg2 g6 4. Nf3 Bg7 5. 0-0 0-0 6. c4 d6 7. Nc3 Qe8 8. Re1 Qf7 9. b3 Ne4 10. Bb2 Nd7 11. Rc1 c6 12. Qc2 Ndf6 13. Nxe4 Nxe4 14. e3 Bd7 15. Nd2 Nxd2 16. Qxd2 e5 17. dxe5 dxe5 18. f4 e4 19. Rcd1 Bxb2 20. Qxb2 Be6 21. Rd6 Rfd8 22. Red1 Qe7 23. Qd4 Qxd6 24. Qxd6 1/2-1/2

[Event "Seefeld op 18th"]
[Site "Seefeld"]
[Date "2007.09.01"]
[Round "1"]
[White "Noettger, Eckard"]
[Black "Gatterer, Matthias"]
[Result "0-1"]
[WhiteElo "1983"]
[BlackElo "1973"]
[PlyCount "124"]
[EventDate "2007.09.01"]
[EventType "swiss"]
[EventRounds "9"]
[EventCountry "AUT"]
[SourceTitle "EXT 2009"]
[Source "ChessBase"]
[SourceDate "2008.11.26"]
[SourceVersion "1"]
[SourceVersionDate "2008.11.26"]
[SourceQuality "1"]

1. d4 d5 2. Nf3 Nf6 3. e3 c5 4. c3 Nbd7 5. Bd3 Qc7 6. Nbd2 g6 7. 0-0 Bg7 8. e4 dxe4 9. Nxe4 cxd4 10. Nxd4 Nxe4 11. Bxe4 Nc5 12. Bc2 0-0 13. Be3 a6 14. Qf3 Bd7 15. Rad1 e5 16. Nb3 Bc6 17. Qg3 Ne6 18. f3 Rad8 19. Qf2 Rxd1 20. Rxd1 Rd8 21. Rxd8+ Qxd8 22. Qd2 Qxd2 23. Nxd2 b5 24. Be4 Bxe4 25. Nxe4 f5 26. Nc5 Nxc5 27. Bxc5 Kf7 28. Kf2 Ke6 29. Bb4 Kd5 30. Ke2 e4 31. b3 h5 32. Ba5 Bh6 33. Bb6 Bf4 34. h3 Be5 35. Ba5 g5 36. Bb4 exf3+ 37. Kxf3 g4+ 38. Kf2 Ke4 39. hxg4 fxg4 40. c4 bxc4 41. bxc4 Kd4 42. c5 Kd5 43. Ke3 h4 44. Be1 h3 45. gxh3 gxh3 46. Kf3 h2 47. Kg2 Kxc5 48. Bd2 Kc4 49. Ba5 Kd3 50. Bb4 Kc2 51. Kh1 Kb2 52. a3 Kb3 53. Kg2 Ka4 54. Kh1 Bb2 55. Kxh2 Bxa3 56. Bc3 Kb5 57. Kg2 Bb4 58. Bb2 Kc4 59. Kf3 Kd3 60. Be5 a5 61. Bb2 a4 62. Kf2 Kc2 0-1

[Event "ITA-ch U20"]
[Site "Bratto"]
[Date "2005.08.26"]
[Round "7"]
[White "Gatterer, Matthias"]
[Black "Ghedin, Emanuele"]
[Result "1/2-1/2"]
[WhiteElo "1917"]
[BlackElo "1572"]
[PlyCount "137"]
[EventDate "2005.08.20"]
[EventType "swiss"]
[EventRounds "9"]
[EventCountry "ITA"]
[SourceTitle "EXT 2006"]
[Source "ChessBase"]
[SourceDate "2005.11.24"]
[SourceVersion "1"]
[SourceVersionDate "2005.11.24"]
[SourceQuality "1"]

1. d4 Nf6 2. Nf3 e6 3. c4 Bb4+ 4. Bd2 Qe7 5. Nc3 0-0 6. a3 Bxc3 7. Bxc3 Ne4 8. Qc2 Nxc3 9. Qxc3 d5 10. cxd5 exd5 11. e3 Bf5 12. Be2 Rc8 13. Rc1 Nd7 14. 0-0 c5 15. dxc5 Qxc5 16. Qxc5 Rxc5 17. Nd4 Be6 18. Rxc5 Nxc5 19. Rc1 Ne4 20. Nxe6 fxe6 21. Rc7 Rf8 22. Bf3 Rf7 23. Rc8+ Rf8 24. Bg4 Ng5 25. Rxf8+ Kxf8 26. h4 Ne4 27. Bxe6 Nf6 28. Bf5 Ke7 29. Kf1 Kd6 30. Ke2 Ke5 31. Bc8 b6 32. Kd3 h6 33. f4+ Kd6 34. Bf5 h5 35. Kd4 Ng8 36. Bg6 Nf6 37. Bf7 Kc6 38. a4 a5 39. Be6 Kd6 40. Bf5 Ng8 41. e4 dxe4 42. Bxe4 Ne7 43. Kc4 Kc7 44. Kb5 g6 45. Kc4 Kd6 46. b4 axb4 47. Kxb4 Kc7 48. Kb5 Nf5 49. Bxf5 gxf5 50. Kc4 Kd6 51. Kb5 Kc7 52. a5 bxa5 53. Kxa5 Kc6 54. Kb4 Kd5 55. Kc3 Ke4 56. Kd2 Kxf4 57. Ke2 Kg4 58. Kf2 f4 59. Ke2 Kg3 60. Kf1 Kxh4 61. Kf2 Kg4 62. Kg1 Kg3 63. Kf1 Kh2 64. Kf2 Kh1 65. Kf1 Kh2 66. Kf2 h4 67. Kf1 h3 68. gxh3 Kxh3 69. Kf2 1/2-1/2

[Event "ITA-ch U20"]
[Site "Bratto"]
[Date "2005.08.25"]
[Round "6"]
[White "Cozzarin, Davide"]
[Black "Gatterer, Matthias"]
[Result "1-0"]
[WhiteElo "1646"]
[BlackElo "1917"]
[PlyCount "119"]
[EventDate "2005.08.20"]
[EventType "swiss"]
[EventRounds "9"]
[EventCountry "ITA"]
[SourceTitle "EXT 2006"]
[Source "ChessBase"]
[SourceDate "2005.11.24"]
[SourceVersion "1"]
[SourceVersionDate "2005.11.24"]
[SourceQuality "1"]

1. c4 Nf6 2. b3 e6 3. Bb2 d5 4. e3 Be7 5. Nf3 0-0 6. Nc3 Nbd7 7. d4 b6 8. g3 Bb7 9. Bg2 dxc4 10. bxc4 c5 11. d5 exd5 12. cxd5 Nb8 13. e4 b5 14. Nd2 Qd7 15. 0-0 c4 16. Ne2 Rc8 17. Rc1 Na6 18. a4 Nb4 19. axb5 Qxb5 20. Nd4 Qa6 21. Nf5 Bd8 22. Bc3 Na2 23. Rc2 Nxc3 24. Rxc3 Rc5 25. Qc2 Rac8 26. Rc1 Nd7 27. Rxc4 Rxc4 28. Nxc4 Ne5 29. Nfd6 Rc5 30. Bf1 Nxc4 31. Nxc4 Qh6 32. Qb2 Ba6 33. Ne3 Rxc1 34. Qxc1 Bxf1 35. Qxf1 Bb6 36. Qc4 Qd6 37. Qc8+ Qf8 38. Qxf8+ Kxf8 39. Nc4 Bd4 40. Kf1 Bc3 41. Ke2 Ke7 42. Kd3 Be1 43. f3 f6 44. Kc2 h5 45. Kb3 Kd7 46. Ne3 g6 47. Kc4 Bf2 48. Nd1 Bg1 49. h3 Kd6 50. Nb2 g5 51. Nd3 Be3 52. f4 gxf4 53. gxf4 Bg1 54. e5+ fxe5 55. fxe5+ Kd7 56. d6 a5 57. Kd5 Bh2 58. e6+ Kd8 59. Ne5 Kc8 60. d7+ 1-0

[Event "ITA-ch U20"]
[Site "Bratto"]
[Date "2005.08.24"]
[Round "5"]
[White "Gatterer, Matthias"]
[Black "Bove, Alessandro"]
[Result "0-1"]
[WhiteElo "1917"]
[BlackElo "2137"]
[PlyCount "98"]
[EventDate "2005.08.20"]
[EventType "swiss"]
[EventRounds "9"]
[EventCountry "ITA"]
[SourceTitle "EXT 2006"]
[Source "ChessBase"]
[SourceDate "2005.11.24"]
[SourceVersion "1"]
[SourceVersionDate "2005.11.24"]
[SourceQuality "1"]

1. Nf3 d6 2. d4 Nd7 3. c4 g6 4. Nc3 Bg7 5. e4 e5 6. Be2 Ne7 7. 0-0 0-0 8. d5 f5 9. Ne1 Nf6 10. f3 f4 11. Nd3 g5 12. c5 Ng6 13. cxd6 cxd6 14. Nf2 h5 15. Bd2 Rf7 16. Rc1 Nh4 17. h3 Bf8 18. Kh2 Rg7 19. Rh1 g4 20. fxg4 hxg4 21. Nxg4 Bxg4 22. Bxg4 Nxg4+ 23. hxg4 Qb6 24. Rf1 Rh7 25. g3 Nf5+ 26. Kg2 Nxg3 27. Rg1 Be7 28. Ne2 Nxe4 29. Rf1 Qxb2 30. Qc2 Qxc2 31. Rxc2 Nf6 32. Rc7 b6 33. Nc3 Nxg4 34. Rg1 Bf8 35. Rxh7 Kxh7 36. Ne4 Be7 37. Kf3 Nh6 38. Bb4 Nf5 39. Rh1+ Kg6 40. Rg1+ Kf7 41. Rh1 Rg8 42. Rh7+ Rg7 43. Rh5 Kg6 44. Rh1 a5 45. Ba3 Rh7 46. Rg1+ Kf7 47. Rb1 b5 48. Rc1 Rh2 49. Rc7 Nd4+ 0-1

[Event "ITA-ch U20"]
[Site "Bratto"]
[Date "2005.08.23"]
[Round "4"]
[White "Braschi, Giancarlo"]
[Black "Gatterer, Matthias"]
[Result "1/2-1/2"]
[WhiteElo "2201"]
[BlackElo "1917"]
[PlyCount "81"]
[EventDate "2005.08.20"]
[EventType "swiss"]
[EventRounds "9"]
[EventCountry "ITA"]
[SourceTitle "EXT 2006"]
[Source "ChessBase"]
[SourceDate "2005.11.24"]
[SourceVersion "1"]
[SourceVersionDate "2005.11.24"]
[SourceQuality "1"]

1. d4 d5 2. c4 e6 3. Nc3 Nf6 4. Bg5 Nbd7 5. cxd5 exd5 6. e3 c6 7. Bd3 Be7 8. Qc2 0-0 9. Nge2 Re8 10. 0-0 Nf8 11. f3 Ng6 12. Rfe1 Be6 13. Rad1 Rc8 14. Kh1 a6 15. Ng3 Nd7 16. Bxe7 Qxe7 17. Nf5 Bxf5 18. Bxf5 Rcd8 19. e4 dxe4 20. fxe4 Nh4 21. Bxd7 Rxd7 22. Qf2 Ng6 23. e5 c5 24. e6 fxe6 25. dxc5 Red8 26. Rxd7 Qxd7 27. Qe2 e5 28. Rd1 Qe7 29. Ne4 Rxd1+ 30. Qxd1 Qe6 31. b3 h6 32. Nd6 e4 33. Qe2 e3 34. Nc4 Qd5 35. b4 Qd4 36. Nxe3 Qxb4 37. Qc4+ Qxc4 38. Nxc4 Kf7 39. Nd6+ Ke6 40. Nxb7 Kd5 41. g4 1/2-1/2

[Event "ITA-ch U20"]
[Site "Porto San Giorgio"]
[Date "2004.08.22"]
[Round "3"]
[White "Finocchiaro, Gianluca"]
[Black "Gatterer, Matthias"]
[Result "0-1"]
[WhiteElo "1538"]
[BlackElo "1844"]
[PlyCount "68"]
[EventDate "2004.08.20"]
[EventType "swiss"]
[EventRounds "9"]
[EventCountry "ITA"]
[SourceTitle "EXT 2005"]
[Source "ChessBase"]
[SourceDate "2004.11.15"]
[SourceVersion "1"]
[SourceVersionDate "2004.11.15"]
[SourceQuality "1"]

1. d4 d5 2. c4 e6 3. Nc3 Nf6 4. cxd5 exd5 5. Bg5 Be7 6. e3 0-0 7. Qc2 c6 8. Bd3 Nbd7 9. Nge2 Re8 10. Bf4 Nf8 11. f3 Nh5 12. Bg3 Bg5 13. e4 dxe4 14. Nxe4 Be3 15. Bc4 Nxg3 16. hxg3 Bxd4 17. Bd3 Bxb2 18. Rb1 Qa5+ 19. Kd1 Be5 20. f4 Bc7 21. Ng5 h6 22. Bh7+ Nxh7 23. Qxh7+ Kf8 24. Re1 Qd5+ 25. Kc1 Qc4+ 26. Kb2 Rxe2+ 27. Rxe2 Qxe2+ 28. Ka1 hxg5 29. Qh8+ Ke7 30. Qxg7 Be6 31. Qxg5+ Kd7 32. Rb2 Qd1+ 33. Rb1 Qd4+ 34. Rb2 Rh8 0-1

[Event "ITA-ch U20 26th"]
[Site "Bratto"]
[Date "2003.08.25"]
[Round "5"]
[White "Buchicchio, Roberto"]
[Black "Gatterer, Matthias"]
[Result "0-1"]
[WhiteElo "1690"]
[BlackElo "1684"]
[PlyCount "106"]
[EventDate "2003.08.21"]
[EventType "swiss"]
[EventRounds "9"]
[EventCountry "ITA"]
[SourceTitle "EXT 2007"]
[Source "ChessBase"]
[SourceDate "2006.11.23"]
[SourceVersion "1"]
[SourceVersionDate "2006.11.23"]
[SourceQuality "1"]

1. e4 e6 2. d4 d5 3. Nd2 c5 4. exd5 Qxd5 5. Ndf3 Nc6 6. Be3 cxd4 7. Nxd4 a6 8. Nxc6 Qxc6 9. Nf3 Nf6 10. Bd3 Bd6 11. 0-0 0-0 12. Bg5 Qc7 13. Bxf6 gxf6 14. c3 Bd7 15. h3 Kh8 16. Re1 Rg8 17. Re4 f5 18. Rc4 Bc6 19. a4 Rg7 20. Ne1 Rag8 21. Bf1 b5 22. axb5 axb5 23. Rd4 Be5 24. Rd2 Qb7 25. f3 Rg3 26. Kh1 Qb6 27. Rd4 Bxd4 28. Qxd4+ Qxd4 29. cxd4 b4 30. Nd3 Bb5 31. Ne5 Bxf1 32. Rxf1 Rf8 33. Kh2 Rg7 34. Nc6 b3 35. Ra1 f6 36. Ra3 Rc8 37. Na5 Rc2 38. h4 Rcxg2+ 39. Kh1 Rxb2 40. Nxb3 Rb1+ 41. Kh2 Rc7 42. Nc5 Rb6 43. h5 Kg8 44. Re3 Kf7 45. f4 Rc8 46. Kh3 Rbc6 47. Ra3 R6c7 48. Re3 Re7 49. Kh4 Rg8 50. Nd3 Rg1 51. Nf2 Rd7 52. Rd3 Rg2 53. Nh3 Rg4# 0-1